Normal view
MARC view
Entry Personal Name
001 - CONTROL NUMBER
- control field: 52364
003 - CONTROL NUMBER IDENTIFIER
- control field: ARRUPE
005 - DATE AND TIME OF LATEST TRANSACTION
- control field: 20240205110917.0
008 - FIXED-LENGTH DATA ELEMENTS
- fixed length control field: 240205|| aca||aabn | a|a d
040 ## - CATALOGING SOURCE
- Original cataloging agency: ARRUPE
- Transcribing agency: ARRUPE
100 ## - HEADING--PERSONAL NAME
- Personal name: O'Faoláin, Seán,
- Dates associated with a name: 1900-1991
670 ## - SOURCE DATA FOUND
- Source citation: Work cat.: (ARRUPE)131763: O'Faoláin, Seán, 1900-1991., Newman's way., [1952]